[Event "CAN-ch U16"]
[Site "Windsor"]
[Date "2015.07.08"]
[Round "5.17"]
[White "Vu, Henry"]
[Black "Houle, Mathieu"]
[Result "1-0"]
[WhiteElo "1010"]
[BlackElo "950"]
[PlyCount "43"]
[EventDate "2015.07.06"]
[EventType "swiss"]
[EventRounds "7"]
[EventCountry "CAN"]
[SourceTitle "EXT 2022"]
[Source "ChessBase"]
[SourceDate "2021.10.06"]
[SourceVersion "1"]
[SourceVersionDate "2021.10.06"]
[SourceQuality "1"]

1. e4 e5 2. Nf3 Nc6 3. Bb5 a6 4. Ba4 b5 5. Bb3 Nf6 6. 0-0 Nxe4 7. Re1 f5 8. d3 Nc5 9. Nxe5 Nxe5 10. Rxe5+ Ne6 11. d4 Bd6 12. Re1 Bb7 13. d5 Qg5 14. Bxg5 0-0 15. dxe6 dxe6 16. Rxe6 Bc5 17. Re5+ Kh8 18. Rxc5 h6 19. Rxc7 Bc8 20. Bxh6 Re8 21. Bxg7+ Kh7 22. Qh5# 1-0